Savoir vivre ses émotions (Record no. 2928)

MARC details
000 -LEADER
fixed length control field 01907nam a2200253 4500
008 - FIXED-LENGTH DATA ELEMENTS--GENERAL INFORMATION
fixed length control field s2006 fr fre u
020 ## - INTERNATIONAL STANDARD BOOK NUMBER
International Standard Book Number 9782725619545
040 ## - CATALOGING SOURCE
Original cataloging agency LB-BrCRDP
082 1# - DEWEY DECIMAL CLASSIFICATION NUMBER
Classification number 306.43
Item number ARR
100 1# - MAIN ENTRY--PERSONAL NAME
Personal name Arrivé, Jean-Yves
245 10 - TITLE STATEMENT
Title Savoir vivre ses émotions
Statement of responsibility, etc. Jean-Yves Arrivé
260 ## - PUBLICATION, DISTRIBUTION, ETC.
Place of publication, distribution, etc. Paris
Name of publisher, distributor, etc. Retz
Date of publication, distribution, etc. 2006
300 ## - PHYSICAL DESCRIPTION
Extent 195 p.
Dimensions 22 cm
490 0# - SERIES STATEMENT
Series statement Savoirs pratiques
500 ## - GENERAL NOTE
General note Sommaire, bibliographie.
520 ## - SUMMARY, ETC.
Summary, etc. Les émotions...amies ou ennemies ? Pour certains, elles sont un mal à proscrire car elles déstabilisent les individus et les groupes. Pour d'autres, elles constituent au contraire une richesse qui donne sens à la vie. Ce guide pratique montre qu'elles peuvent être l'un et l'autre. Il fournit toutes les clés pour comprendre les mécanismes émotionnels et apprendre à mieux vivre avec ses émotions. L'ouvrage expose tout d'abord la place Fondamentale des émotions dans la communication entre individus.Il rappelle les situations où leurs manifestations nous jouent des tours, nous perturbent ou nous Font souffrir. Il introduit la notion d'intelligence émotionnelle et permet de diagnostiquer les zones sensibles du vécu émotionnel. Il propose ensuite de travailler sur ces manifestations - au travers de nombreux exercices, techniques et analyses de cas pratiques - pour limiter l'impact des émotions parasites dans la vie quotidienne.Il passe ainsi en revue différentes situations typiques de la vie professionnelle et familiale pour aider à repérer les souffrances émotionnelles dont elles sont porteuses et à lever les blocages et inhibitions qui empêchent individus et groupes de passer à l'action.
650 4# - SUBJECT ADDED ENTRY--TOPICAL TERM
Topical term or geographic name entry element Vie professionnelle
650 4# - SUBJECT ADDED ENTRY--TOPICAL TERM
Topical term or geographic name entry element Emotion
650 4# - SUBJECT ADDED ENTRY--TOPICAL TERM
Topical term or geographic name entry element Communication
650 4# - SUBJECT ADDED ENTRY--TOPICAL TERM
Topical term or geographic name entry element Vie quotidienne
650 4# - SUBJECT ADDED ENTRY--TOPICAL TERM
Topical term or geographic name entry element Psychosociologie
942 ## - ADDED ENTRY ELEMENTS (KOHA)
Koha item type Books
Holdings
Withdrawn status Lost status Source of classification or shelving scheme Damaged status Not for loan Home library Current library Shelving location Date acquired Source of acquisition Cost, normal purchase price Total Checkouts Full call number Barcode Date last seen Copy number Price effective from Koha item type
    Dewey Decimal Classification     مكتبة دار المعلمين و المعلمات - بئر حسن مكتبة دار المعلمين و المعلمات - بئر حسن Salle de Lecture 05/29/2008 Ambassade de France 0.00   155.4 Arr CRB2096 07/27/2016 1 07/27/2016 Books
    Dewey Decimal Classification     مكتبة دار المعلمين و المعلمات - جونية مكتبة دار المعلمين و المعلمات - جونية Salle de Lecture 12/23/2008 Ambassade de France 0.00   370.1 ARR. CRJ2973 07/27/2016 1 07/27/2016 Books
    Dewey Decimal Classification     مكتبة دار المعلمين و المعلمات - زحلة مكتبة دار المعلمين و المعلمات - زحلة Salle de Lecture 06/02/2008 Amb. de France 18.25   306.43 ARR CRZ3112 07/27/2016 1 07/27/2016 Books
    Dewey Decimal Classification     مكتبة دار المعلمين و المعلمات - صيدا مكتبة دار المعلمين و المعلمات - صيدا Salle de Lecture 05/22/2008 Ambassade de France 0.00   152.4 ARR CRS2417 07/28/2016 1 07/28/2016 Books
    Dewey Decimal Classification     مكتبة دار المعلمين و المعلمات - طرابلس مكتبة دار المعلمين و المعلمات - طرابلس Salle de Lecture 03/25/2009 Ambassade de France 0.00   152.4 ARR CRT2946 07/27/2016 1 07/27/2016 Books